000 00512nam a2200205Ia 4500
003 OSt
005 20140314140642.0
008 140130s9999 xx 000 0 und d
020 _a0590964089
050 _aPZ 7
_b.R982Bes 2004
100 _aRylant, Cynthia
245 _cCynthia Rylant
_aHenry & Mudge and Best Day of all /
260 _bScholastic,
_c2004.
_aNew York :
300 _a40 p. :
_bcol. ill. ;
_c22 cm.
440 _v1
521 _aG2
526 _c470
942 _cBK
_2lcc
999 _c40423
_d40423